000 00637nam a2200193Ia 4500
008 140529s9999 xx 000 0 und d
020 _a9781405177061
050 _aE 275
_b.M38 2008
100 _aMartin, Joseph Plumb
245 _aOrdinary courage :
_bthe Revolutionary War adventures of Joseph Plumb Martin /
_cedited by James Kirby Martin
250 _a3rd ed.
260 _aMalden, MA :
_bBlackwell Pub.,
_cc2008.
300 _a199 p. :
_bmaps ;
_c22 cm.
500 _aIncludes index.
521 _aGE
650 _aUnited States
_xHistory --Revolution, 1775-1783 --Personal narratives.
942 _kFOR
_cBK
999 _c117716
_d117716